00778nam a2200181Ia 4500001001000000003000500010008004100015010001100056040000900067100002400076245023300100260003400333300001000367502010600377650003900483650002400522710005000546Para_8821CHAP220125s2003 xx 000 0 und d a207584 cCHAP aTriste Calvo, Erika aEvaluación de polvos de origen vegetal y mineral para el control de gorgojo de maíz Sitophilus zeamais Motschulsky (Coleoptera :bCurculionidae), en maíz almacenado en Texcoco, Estado de México /c por Erika Triste Calvo aChapingo, Méx. :b el autor a62 h. aTesis (Ing. Agr. Esp. en Parasitología Agrícola) -- UACh. Departamento Parasitología Agrícola aMaíz x almacenamiento x plagas aSitophilus zeamais  aUACh. Departamento Parasitología Agrícola